| 000 | 00632nam a2200253 a 4500 | ||
|---|---|---|---|
| 001 | nice12345678 | ||
| 003 | IN_TiNIC | ||
| 005 | 20260116012335.0 | ||
| 008 | 050524s1957 paka grp 000 0 urd | ||
| 020 |
_a _c100 |
||
| 082 | 0 | 0 |
_a891.4394 _bHAA |
| 100 | _aHaali, Altaf Hussain | ||
| 245 | _aMaqalat-E-Haali, Part 1 | ||
| 260 |
_aPakistan _bAnjuman Taraqi Urdu _c1957 |
||
| 300 | _a310p | ||
| 500 | _aincludes index and biblioraphy | ||
| 505 | 2 | _aIndex | |
| 650 | _aUrdu-Literature-hali | ||
| 650 | _aHali-Altaf Hussain-Essays | ||
| 700 | 1 | _aHaali, Altaf Hussain | |
| 902 | _bSRS | ||
| 942 | _cBK | ||
| 999 |
_c6633 _d6633 |
||